| 000 | 00394nam a2200121Ia 4500 | ||
|---|---|---|---|
| 008 | 241015s9999 xx 000 0 und d | ||
| 041 | _aeng | ||
| 082 | _a332.11 ASH | ||
| 100 | _aAshfaq, Muhammad / Mercon, Jo t / Hasan, Rashedul | ||
| 245 | _aCentral Bank Digital Currencies And The Global Financial System: Theory And Practice | ||
| 260 |
_bDe Gruyter _aBoston _c2023 |
||
| 300 | _a152;. P. 24 cm | ||
| 999 |
_c41589 _d41589 |
||